|
|
|
|
| LEADER |
01987nam a2200457 i 4500 |
| 001 |
EBC1619559 |
| 003 |
MiAaPQ |
| 005 |
20200520144314.0 |
| 006 |
m o d | |
| 007 |
cr cnu|||||||| |
| 008 |
140213t20132013nyua ob 001 0 eng d |
| 020 |
|
|
|z 9780415533997
|
| 020 |
|
|
|a 9780203113684
|q (electronic bk.)
|
| 035 |
|
|
|a (MiAaPQ)EBC1619559
|
| 035 |
|
|
|a (Au-PeEL)EBL1619559
|
| 035 |
|
|
|a (CaPaEBR)ebr10835594
|
| 035 |
|
|
|a (CaONFJC)MIL573109
|
| 035 |
|
|
|a (OCoLC)870228476
|
| 040 |
|
|
|a MiAaPQ
|b eng
|e rda
|e pn
|c MiAaPQ
|d MiAaPQ
|
| 050 |
|
4 |
|a HF1106
|b .I584 2013
|
| 082 |
0 |
|
|a 650.071/1
|2 23
|
| 245 |
0 |
0 |
|a Innovative business school teaching :
|b engaging the millennial generation /
|c edited by Elaine Doyle, Patrick Buckley and Conor Carroll.
|
| 264 |
|
1 |
|a New York, New York ;
|a Oxfordshire, England :
|b Routledge,
|c 2013.
|
| 264 |
|
4 |
|c 2013
|
| 300 |
|
|
|a 1 online resource (242 pages) :
|b illustrations, tables.
|
| 336 |
|
|
|a text
|2 rdacontent
|
| 337 |
|
|
|a computer
|2 rdamedia
|
| 338 |
|
|
|a online resource
|2 rdacarrier
|
| 490 |
0 |
|
|a Routledge advances in management and business studies ;
|v 56
|
| 504 |
|
|
|a Includes bibliographical references and index.
|
| 588 |
|
|
|a Description based on print version record.
|
| 590 |
|
|
|a Electronic reproduction. Ann Arbor, MI : ProQuest, 2015. Available via World Wide Web. Access may be limited to ProQuest affiliated libraries.
|
| 650 |
|
0 |
|a Business education.
|
| 650 |
|
0 |
|a Business schools.
|
| 655 |
|
4 |
|a Electronic books.
|
| 700 |
1 |
|
|a Doyle, Elaine.
|
| 700 |
1 |
|
|a Buckley, Patrick.
|
| 700 |
1 |
|
|a Carroll, Conor.
|
| 776 |
0 |
8 |
|i Print version:
|t Innovative business school teaching : engaging the millennial generation.
|d New York, New York ; Oxfordshire,England : Routledge, c2013
|h xi, 225 pages
|k Routledge advances in management and business studies ; 56.
|z 9780415533997
|w 2012051112
|
| 797 |
2 |
|
|a ProQuest (Firm)
|
| 856 |
4 |
0 |
|u https://ebookcentral.proquest.com/lib/matrademy/detail.action?docID=1619559
|z Click to View
|